[Event "ch-FRA Blitz Online Qual"]
[Site "Europe-Chess INT"]
[Date "2020.05.16"]
[Round "5"]
[White "Boyer, Mahel"]
[Black "Efimov, Igor"]
[Result "1/2-1/2"]
[WhiteTitle "FM"]
[BlackTitle "GM"]
[WhiteElo "2294"]
[BlackElo "2409"]
[WhiteFideId "45102422"]
[BlackFideId "806404"]
[EventDate "2020.05.16"]

1. e4 c5 2. d3 Nc6 3. g3 d5 4. exd5 Qxd5 5. Nf3 Bg4 6. Bg2 Rd8 7. O-O e6 8. h3
Bh5 9. g4 Bg6 10. Nc3 Qd7 11. Nh4 Be7 12. Nxg6 hxg6 13. Be3 Nf6 14. Ne4 b6 15.
Nxf6+ Bxf6 16. c3 Ne5 17. d4 Nc4 18. dxc5 Nxe3 19. fxe3 bxc5 20. Qxd7+ Kxd7 21.
g5 Bxg5 22. Rxf7+ Kc8 23. Rxa7 Bxe3+ 24. Kh1 Bf4 25. Rxg7 Rd2 26. a4 Rhd8 27.
Rf1 g5 28. a5 R8d7 29. Rxd7 Kxd7 30. a6 Bb8 31. a7 Bxa7 32. Rf7+ Kd6 33. Rxa7
Rxb2 34. Rg7 Rc2 35. Rxg5 Rxc3 36. h4 Rc1+ 37. Kh2 Re1 38. Kg3 c4 39. Kf2 Re5
40. Rg3 Rf5+ 41. Ke3 Kc5 42. Rg5 Kd6 43. Rxf5 exf5 44. Kf4 Ke6 45. Bf1 c3 46.
Bd3 Kf6 47. Bxf5 Kg7 48. Kg5 Kh8 49. Bc2 Kg7 50. h5 Kh8 51. Kf5 Kg7 52. Ke5 Kh8
53. Kf6 Kg8 54. Kg6 Kh8 55. Kh6 Kg8 56. Kg6 Kh8 57. h6 Kg8 58. Kf6 Kh8 59. Bf5
c2 60. Bxc2 Kg8 61. Kg5 Kh8 62. Bh7 Kxh7 63. Kh5 Kh8 64. Kg6 Kg8 65. h7+ Kh8 66.
Kh6 1/2-1/2

[Event "ch-FRA Blitz Online Qual"]
[Site "Europe-Chess INT"]
[Date "2020.05.16"]
[Round "5"]
[White "Razafindratsima, Timothe"]
[Black "Villegas, Pierre"]
[Result "1/2-1/2"]
[WhiteTitle "FM"]
[BlackTitle "IM"]
[WhiteElo "2336"]
[BlackElo "2364"]
[WhiteFideId "36069884"]
[BlackFideId "654183"]
[EventDate "2020.05.16"]

1. e4 c6 2. d4 d5 3. Nd2 g6 4. c3 Bg7 5. Ngf3 Nh6 6. Bd3 f6 7. O-O Nf7 8. Re1
O-O 9. Nf1 e5 10. dxe5 fxe5 11. Ne3 Be6 12. a4 a5 13. b3 Nd7 14. Ba3 Re8 15. Bc2
Bf8 16. Bxf8 Rxf8 17. Qd2 dxe4 18. Bxe4 Nc5 19. Bc2 Bxb3 20. Qxd8 Raxd8 21. Bxb3
Nxb3 22. Rab1 Nc5 23. Nc4 e4 24. Nd4 Rde8 25. Nxa5 Nxa4 26. Rxb7 Ne5 27. Naxc6
Nxc6 28. Nxc6 Nxc3 29. h4 Rf6 30. Ne7+ Kf8 31. Rc7 Rxe7 32. Rxc3 Kf7 33. g3 h5
34. Kg2 Rfe6 35. Ree3 Kf6 36. Rc4 Kf5 37. Ra3 Kf6 38. Re3 Kf5 39. Rb4 Kf6 40.
Kh3 Re5 41. f3 exf3 42. Rxf3+ Kg7 43. Rb6 R5e6 44. Rb8 Re8 45. Rb7+ R8e7 46. Rb4
Re3 47. Rxe3 Rxe3 48. Rf4 Kh6 49. Kg2 Re2+ 50. Kf3 Rb2 1/2-1/2

[Event "ch-FRA Blitz Online Qual"]
[Site "Europe-Chess INT"]
[Date "2020.05.16"]
[Round "5"]
[White "Lagarde, Maxime"]
[Black "Philippe, Guillaume"]
[Result "1/2-1/2"]
[WhiteTitle "GM"]
[BlackTitle "IM"]
[WhiteElo "2655"]
[BlackElo "2354"]
[WhiteFideId "662399"]
[BlackFideId "36048763"]
[EventDate "2020.05.16"]

1. e4 d6 2. d4 Nf6 3. Nc3 g6 4. Nf3 Bg7 5. Be3 c6 6. Qd2 O-O 7. Bd3 b5 8. Bh6
Nbd7 9. Bxg7 Kxg7 10. e5 dxe5 11. dxe5 Ng4 12. Qf4 Nc5 13. Rd1 Qb6 14. O-O b4
15. Ne4 Nxd3 16. Rxd3 Nh6 17. Rfd1 Bf5 18. h3 Rad8 19. g4 Be6 20. Nd4 Bc4 21.
R3d2 c5 22. g5 cxd4 23. gxh6+ Kg8 24. b3 Be6 25. Nf6+ Kh8 26. Rxd4 Rxd4 27. Rxd4
Rd8 28. Rxd8+ Qxd8 29. Ne4 Qd1+ 30. Kh2 Qxc2 31. Ng5 Kg8 32. Qd4 Qc7 33. Nxe6
fxe6 34. Kg2 Kf7 35. Qf4+ Kg8 36. Qe4 Kf7 37. f4 a5 38. Kg3 Qc3+ 39. Kg4 Qd2 40.
Qf3 Qxa2 41. Qa8 Qxb3 42. Qh8 Qd1+ 43. Kg3 Qd3+ 44. Kf2 Qd2+ 45. Kf3 Qd3+ 46.
Kf2 Qd2+ 47. Kf3 Qd3+ 48. Kf2 1/2-1/2

[Event "ch-FRA Blitz Online Qual"]
[Site "Europe-Chess INT"]
[Date "2020.05.16"]
[Round "5"]
[White "Bijaoui, Manuel"]
[Black "Edouard, Romain"]
[Result "1/2-1/2"]
[WhiteTitle "IM"]
[BlackTitle "GM"]
[WhiteElo "2411"]
[BlackElo "2649"]
[WhiteFideId "626783"]
[BlackFideId "633429"]
[EventDate "2020.05.16"]

1. e4 e6 2. d4 d5 3. Nd2 Be7 4. Bd3 c5 5. dxc5 Nf6 6. Qe2 O-O 7. Ngf3 a5 8. a3
Na6 9. b4 b6 10. e5 Ne8 11. Nd4 bxc5 12. Nc6 Qc7 13. Nxe7+ Qxe7 14. Bxa6 Bxa6
15. b5 Bb7 16. a4 f5 17. Ba3 d4 18. Nb3 Rc8 19. f3 Bd5 20. Nxd4 Qh4+ 21. Qf2
Qxf2+ 22. Kxf2 cxd4 23. Bxf8 Rxc2+ 24. Kg3 Kxf8 25. Rhc1 f4+ 26. Kh3 Re2 27. Re1
Re3 28. Kg4 Nc7 29. Kxf4 Rc3 30. Rec1 Na8 31. Rxc3 dxc3 32. Rc1 Nb6 33. Rxc3 Kf7
34. Rc7+ Kg6 35. Ra7 Nc4 36. h4 h5 37. g4 hxg4 38. fxg4 Kh6 39. h5 Bh1 40. g5+
Kxh5 41. Rxg7 Bd5 42. Ra7 Kg6 43. Ra6 Nb2 44. Rxa5 Nd3+ 45. Ke3 Nxe5 46. Kd4 Nc4
47. Ra6 Kxg5 48. b6 Nd6 49. a5 Bb7 50. Ke5 Nc4+ 51. Kxe6 Bxa6 52. Kd5 Nxa5 53.
Kd6 Kf6 54. Kc7 Ke6 55. b7 Nxb7 56. Kb6 Kd5 57. Kxa6 1/2-1/2

[Event "ch-FRA Blitz Online Qual"]
[Site "Europe-Chess INT"]
[Date "2020.05.16"]
[Round "5"]
[White "Guseinov, Gadir"]
[Black "Riff, Vincent"]
[Result "1-0"]
[WhiteTitle "GM"]
[BlackTitle "FM"]
[WhiteElo "2665"]
[BlackElo "2405"]
[WhiteFideId "13401378"]
[BlackFideId "617776"]
[EventDate "2020.05.16"]

1. e4 c5 2. Nc3 Nc6 3. Bb5 Nd4 4. Nf3 g6 5. Ba4 Bg7 6. O-O a6 7. Nxd4 cxd4 8.
Ne2 e6 9. c3 b5 10. Bc2 dxc3 11. dxc3 Ne7 12. Bg5 f6 13. Bf4 e5 14. Be3 d6 15.
Bb3 Bb7 16. f3 d5 17. exd5 Nxd5 18. Qd2 Nxe3 19. Qxe3 Qc7 20. Rad1 Bf8 21. Kh1
Bc5 22. Qh6 Bf8 23. Qe3 Qc5 24. Qd2 Qc7 25. Ng3 Be7 26. Ne4 Bxe4 27. fxe4 Rd8
28. Bd5 Kf8 29. Qh6+ Ke8 30. Qg7 1-0

[Event "ch-FRA Blitz Online Qual"]
[Site "Europe-Chess INT"]
[Date "2020.05.16"]
[Round "5"]
[White "Di Nicolantonio, Lucas"]
[Black "Velten, Paul"]
[Result "0-1"]
[WhiteTitle "IM"]
[BlackTitle "GM"]
[WhiteElo "2414"]
[BlackElo "2480"]
[WhiteFideId "680460"]
[BlackFideId "681091"]
[EventDate "2020.05.16"]

1. Nf3 Nf6 2. e3 d5 3. c4 c6 4. Nc3 a6 5. b3 Bf5 6. Bb2 h6 7. Be2 e6 8. O-O Bd6
9. d3 O-O 10. Qc2 Bh7 11. e4 Nbd7 12. Rad1 Qb8 13. h3 b5 14. Rfe1 b4 15. Na4
dxe4 16. dxe4 Bxe4 17. Qc1 Rd8 18. Bd4 c5 19. Be3 Bc6 20. Nd2 Bf8 21. Qc2 Qb7
22. Bf3 Rac8 23. Bxc6 Qxc6 24. Nf3 Nb6 25. Ne5 Qc7 26. Nxb6 Qxb6 27. Qe2 Qb7 28.
f3 a5 29. Qf2 Qc7 30. Nd3 a4 31. Nb2 axb3 32. axb3 Rxd1 33. Rxd1 Nd7 34. Na4 Nb6
35. Nxb6 Qxb6 36. Rd7 Qa6 37. Qd2 Qa1+ 38. Kh2 Qa8 39. Qd3 Qb8+ 40. Kg1 Qe5 41.
Bf2 Ra8 42. g4 g6 43. Kg2 Qf6 44. Rb7 Ra2 45. Qd7 Rb2 46. Rb8 Rxb3 47. Qd6 Qxf3+
48. Kg1 Rb1+ 0-1

[Event "ch-FRA Blitz Online Qual"]
[Site "Europe-Chess INT"]
[Date "2020.05.16"]
[Round "5"]
[White "Piorun, Kacper"]
[Black "Migot, Tangi"]
[Result "1/2-1/2"]
[WhiteTitle "GM"]
[BlackTitle "IM"]
[WhiteElo "2601"]
[BlackElo "2351"]
[WhiteFideId "1130420"]
[BlackFideId "662445"]
[EventDate "2020.05.16"]

1. e4 c5 2. Nc3 Nc6 3. f4 e6 4. Nf3 d5 5. Bb5 Nf6 6. Bxc6+ bxc6 7. e5 Nd7 8. d3
c4 9. dxc4 Ba6 10. cxd5 cxd5 11. Be3 Rb8 12. Rb1 Qc7 13. Kf2 Bb4 14. Ne2 Nc5 15.
Ng3 O-O 16. a3 Ne4+ 17. Nxe4 dxe4 18. Nd4 Bc5 19. Qd2 Rfd8 20. c3 Bd3 21. Rbc1
a6 22. b4 Bxd4 23. Bxd4 Qc4 24. Rhe1 a5 25. Kg1 Ra8 26. Bb6 Rd5 27. bxa5 Qa4 28.
c4 Bxc4 29. Qb4 Qxb4 30. axb4 Bd3 31. Kf2 h5 32. Ke3 Kh7 33. Rc5 Rd7 34. Rec1
Rb7 35. g3 Kg6 36. h3 f6 37. exf6 gxf6 38. g4 hxg4 39. hxg4 Rh8 40. Rc7 Rbb8 41.
Re7 Rh3+ 42. Kd4 Be2 43. f5+ exf5 44. gxf5+ Kxf5 45. Rc5+ Kg6 46. Kxe4 Rb3 47.
Rcc7 Rxb4+ 48. Ke3 Ba6 49. Rg7+ Kf5 50. Rc5+ Ke6 51. Rgc7 Re8 52. Kd2 Rb5 53.
R7c6+ Kf7 54. Rxb5 Bxb5 55. Rc5 Ba6 56. Rh5 Re6 57. Rh7+ Kg6 58. Ra7 Bb5 59. Ra8
Re8 60. Ra7 Bc6 61. Rc7 Be4 62. Bd4 f5 63. a6 Kh5 64. a7 f4 65. Rf7 Kg4 66. Rg7+
Kf5 67. Kc3 Ba8 68. Bc5 Ke4 69. Kb4 Kd5 70. Bb6 Kc6 71. Rg6+ Kd5 72. Ka5 Kc4 73.
Bf2 f3 74. Rg4+ Kd5 75. Rb4 Kc6 76. Rb8 Kd7 77. Kb4 Rc8 78. Be3 Re8 79. Bc5 Rc8
80. Kc4 Kc7 81. Kd3 Kd7 82. Bd4 Re8 83. Be3 Rc8 84. Kd2 Re8 85. Rb4 Rc8 86. Rf4
Re8 87. Rf7+ Ke6 88. Rg7 Rd8+ 89. Ke1 Re8 90. Kf2 Kd6 91. Bf4+ Ke6 92. Rg5 Kd7
93. Rb5 Kc6 94. Rb8 Kd7 95. Kg3 Rc8 96. Be3 Re8 97. Bf4 Rc8 98. Be3 Re8 99. Bf4 1/2-1/2

[Event "ch-FRA Blitz Online Qual"]
[Site "Europe-Chess INT"]
[Date "2020.05.16"]
[Round "5"]
[White "Bailet, Pierre"]
[Black "Muller, Anthony"]
[Result "0-1"]
[WhiteTitle "IM"]
[WhiteElo "2500"]
[BlackElo "2278"]
[WhiteFideId "655830"]
[BlackFideId "20682743"]
[EventDate "2020.05.16"]

1. e4 e6 2. d4 d5 3. Nd2 Nf6 4. e5 Nfd7 5. Bd3 c5 6. c3 Nc6 7. Ngf3 Be7 8. O-O
g5 9. dxc5 g4 10. Nd4 Ndxe5 11. N2b3 Bd7 12. Bh6 Bg5 13. Bxg5 Qxg5 14. f4 gxf3
15. Rxf3 Nxf3+ 16. Nxf3 Qe3+ 17. Kh1 e5 18. Bb5 Be6 19. Qf1 f6 20. Re1 Qf4 21.
Na5 O-O 22. Bxc6 bxc6 23. Nxc6 Rf7 24. b4 Kh8 25. g3 Qg4 26. Nh4 d4 27. Qg2 Rd7
28. Nxe5 fxe5 29. Qxa8+ Kg7 30. Kg1 dxc3 31. Qb8 Qd4+ 32. Kg2 Qd2+ 33. Kf3 Rd3+
34. Ke4 Rd4+ 35. Kxe5 Rd5+ 36. Kxe6 Qxe1+ 37. Kxd5 Qd2+ 38. Kc6 c2 39. Nf5+ Kf6
40. Qh8+ Kxf5 41. Qxh7+ Kg4 42. Qg6+ Kf3 43. Qf5+ Kg2 44. Qe4+ Kg1 45. b5 c1=Q
46. Qe5 Qe3 47. Qd5 Qcc3 48. Qd1+ Kg2 49. Qd5+ Qf3 50. Qxf3+ Kxf3 51. a4 Ke4 52.
b6 axb6 53. Kxb6 Kd5 0-1

[Event "ch-FRA Blitz Online Qual"]
[Site "Europe-Chess INT"]
[Date "2020.05.16"]
[Round "5"]
[White "Jolly, Jean-Francois"]
[Black "Bellahcene, Bilel"]
[Result "0-1"]
[WhiteTitle "IM"]
[BlackTitle "GM"]
[WhiteElo "2378"]
[BlackElo "2501"]
[WhiteFideId "634751"]
[BlackFideId "696358"]
[EventDate "2020.05.16"]

1. e4 c5 2. Nf3 d6 3. Bb5+ Nd7 4. O-O Nf6 5. Re1 a6 6. Bd3 e6 7. c3 b5 8. Bc2 c4
9. b3 Bb7 10. bxc4 bxc4 11. Na3 Rc8 12. Rb1 Ba8 13. Ba4 Be7 14. e5 dxe5 15. Nxe5
O-O 16. Naxc4 Nxe5 17. Nxe5 Qd5 18. Nf3 Rfd8 19. Bb3 Qh5 20. d4 Rxc3 21. Be3 Ng4
22. h3 Nxe3 23. Rxe3 Rc7 24. Re5 Qg6 25. Re1 Rc3 26. d5 Bc5 27. Ne5 Qg3 28. Nd3 0-1

[Event "ch-FRA Blitz Online Qual"]
[Site "Europe-Chess INT"]
[Date "2020.05.16"]
[Round "5"]
[White "Claverie, Christophe"]
[Black "Demuth, Adrien"]
[Result "0-1"]
[WhiteTitle "IM"]
[BlackTitle "GM"]
[WhiteElo "2304"]
[BlackElo "2492"]
[WhiteFideId "605514"]
[BlackFideId "642274"]
[EventDate "2020.05.16"]

1. Nf3 f5 2. g3 Nf6 3. Bg2 g6 4. O-O Bg7 5. d3 d6 6. c3 Nc6 7. Qb3 e6 8. Re1 Qe7
9. e4 fxe4 10. dxe4 e5 11. Bg5 Bd7 12. Nbd2 O-O-O 13. Nc4 h6 14. Bxf6 Qxf6 15.
Ne3 Be6 16. Nd5 Qf7 17. Nd2 Kb8 18. Nc4 h5 19. h3 Rdf8 20. Re2 Qd7 21. Kh2 Rf7
22. Qc2 Rhf8 23. b4 Ne7 24. Nce3 Bh6 25. Nxe7 Qxe7 26. Nd5 Qd7 27. a4 c6 28. Ne3
Bxe3 29. fxe3 h4 30. g4 Bxg4 31. Rd2 Bf3 32. Rg1 Bxg2 33. Rgxg2 Rf3 34. Rg4
Rxh3+ 0-1

[Event "ch-FRA Blitz Online Qual"]
[Site "Europe-Chess INT"]
[Date "2020.05.16"]
[Round "5"]
[White "Szajbely, Zsigmond"]
[Black "Shchekachev, Andrei"]
[Result "0-1"]
[WhiteTitle "FM"]
[BlackTitle "GM"]
[WhiteElo "2260"]
[BlackElo "2533"]
[WhiteFideId "711691"]
[BlackFideId "4107730"]
[EventDate "2020.05.16"]

1. e4 Nc6 2. Nf3 d6 3. d4 Nf6 4. Nc3 g6 5. a4 Bg7 6. Bc4 O-O 7. O-O Nxe4 8. Nxe4
d5 9. Bxd5 Qxd5 10. Nc3 Qh5 11. d5 Nb4 12. Bf4 Bxc3 13. bxc3 Nxd5 14. Be5 c6 15.
c4 Nb6 16. Bc3 Bg4 17. a5 Nd7 18. Qd4 f6 19. h3 Bxf3 20. Qxd7 Qg5 21. g3 Qf5 22.
Qxf5 gxf5 23. Bb4 Rf7 24. Rfe1 e5 25. Re3 e4 26. Bc5 Rd7 27. c3 Kf7 28. Rb1 h5
29. Bd4 h4 30. Kh2 b6 31. a6 c5 32. gxh4 cxd4 33. cxd4 Rxd4 34. c5 f4 35. Rc3
Rad8 36. cxb6 axb6 37. a7 Ra4 38. Rc7+ Ke6 39. Rxb6+ Rd6 40. Rb8 Ra1 41. Re8+
Kf5 42. Rc5+ Kg6 43. Rg8+ Kf7 0-1

[Event "ch-FRA Blitz Online Qual"]
[Site "Europe-Chess INT"]
[Date "2020.05.16"]
[Round "5"]
[White "Guezennec, Franck"]
[Black "Wirig, Anthony"]
[Result "0-1"]
[BlackTitle "GM"]
[WhiteElo "2272"]
[BlackElo "2499"]
[WhiteFideId "633550"]
[BlackFideId "615013"]
[EventDate "2020.05.16"]

1. e4 c5 2. Nf3 e6 3. b3 d5 4. exd5 Qxd5 5. Nc3 Qd8 6. Bb2 Nf6 7. g3 Bd7 8. Bg2
Bc6 9. O-O Nbd7 10. d3 Be7 11. Qe2 O-O 12. Rad1 Qa5 13. a4 a6 14. h4 b5 15. axb5
axb5 16. Ne4 Nxe4 17. dxe4 Bf6 18. Bxf6 Nxf6 19. e5 Nd5 20. Ra1 Qxa1 21. Rxa1
Rxa1+ 22. Kh2 h6 23. c4 bxc4 24. bxc4 Nb4 25. Qe3 Bxf3 26. Bxf3 Rc8 27. Be4 Rd1
28. g4 Rd4 29. Qe2 Nc6 30. Bc2 Rcd8 31. Kg3 Kf8 32. Bb1 Nb4 33. Be4 Rd2 34. Qe3
R8d3 35. Bxd3 Rxd3 36. Kf4 Rxe3 37. Kxe3 Ke7 38. Ke4 g5 39. h5 f6 40. f4 Nc6 41.
exf6+ Kxf6 42. fxg5+ Kxg5 0-1

[Event "ch-FRA Blitz Online Qual"]
[Site "Europe-Chess INT"]
[Date "2020.05.16"]
[Round "5"]
[White "Gatineau, Yovann"]
[Black "Marcelin, Cyril"]
[Result "0-1"]
[WhiteTitle "FM"]
[BlackTitle "GM"]
[WhiteElo "2423"]
[BlackElo "2444"]
[WhiteFideId "26028999"]
[BlackFideId "607274"]
[EventDate "2020.05.16"]

1. d4 g6 2. Nc3 Bg7 3. e4 c6 4. h3 d5 5. Nf3 dxe4 6. Nxe4 Nf6 7. Nxf6+ exf6 8.
Bd3 O-O 9. O-O Na6 10. c3 Nc7 11. a4 a5 12. Qb3 Be6 13. Bc4 Qd7 14. Bxe6 Nxe6
15. Be3 f5 16. Rad1 f4 17. Bc1 h6 18. Rfe1 Rad8 19. Ne5 Qc7 20. Nxg6 fxg6 21.
Qxe6+ Kh7 22. Qe7 Rd7 23. Qc5 f3 24. g3 Rd5 25. Qe7 Qc8 26. Qe6 Qd8 27. Re4 c5
28. Bf4 cxd4 29. cxd4 Rxd4 30. Rdxd4 Bxd4 31. Qe7+ Qxe7 32. Rxe7+ Kg8 33. Rd7
Bxb2 34. Rxb7 Bg7 35. Be3 Rc8 36. Ra7 h5 37. Rxa5 Rc4 38. Ra6 Kf7 39. Ra7+ Kg8
40. a5 Ra4 41. Kh2 h4 42. a6 Be5 43. Re7 hxg3+ 44. fxg3 Ra2+ 45. Kg1 Bxg3 46.
Re8+ Kf7 47. Rc8 Rxa6 48. Rc1 Ra2 49. Bd4 Rg2+ 50. Kf1 Rh2 51. Bg1 Rxh3 52. Rc3
Be5 53. Kf2 Bxc3 0-1

[Event "ch-FRA Blitz Online Qual"]
[Site "Europe-Chess INT"]
[Date "2020.05.16"]
[Round "5"]
[White "Tokhirjonova, Gulrukhbegim"]
[Black "Joie, Sebastien"]
[Result "1-0"]
[WhiteTitle "WGM"]
[BlackTitle "IM"]
[WhiteElo "2378"]
[BlackElo "2393"]
[WhiteFideId "14203626"]
[BlackFideId "650420"]
[EventDate "2020.05.16"]

1. Nf3 d5 2. g3 g6 3. Bg2 Bg7 4. d4 Nf6 5. O-O O-O 6. c4 c6 7. Qb3 a5 8. Nc3 a4
9. Qd1 dxc4 10. e4 b5 11. a3 Bg4 12. h3 Bxf3 13. Bxf3 Nbd7 14. Be3 Qc8 15. Bg2
Rd8 16. Qe2 e6 17. Rad1 Qc7 18. f4 Rab8 19. f5 e5 20. fxg6 hxg6 21. d5 cxd5 22.
exd5 Ne8 23. Qf3 Nd6 24. Ne4 f5 25. Ng5 Nf8 26. h4 e4 27. Qf2 c3 28. bxc3 Qxc3
29. Bc5 Be5 30. g4 Bg3 31. Qd4 Qxd4+ 32. Rxd4 Bxh4 33. Ne6 Nxe6 34. dxe6 Nb7 35.
Rxd8+ Rxd8 36. Bb4 Re8 37. gxf5 gxf5 38. Rxf5 Rxe6 39. Rxb5 Nd8 40. Rh5 Bf6 41.
Kf2 Bd4+ 42. Ke2 Rf6 43. Bxe4 Nf7 44. Kd3 Bb6 45. Rb5 Bd8 46. Bc3 Rd6+ 47. Ke3
Bb6+ 48. Kf3 Bd4 49. Bb4 Rf6+ 50. Ke2 Ne5 51. Bd5+ Kg7 52. Be1 Rd6 53. Be4 Rb6
54. Rd5 Rb2+ 55. Kf1 Nc6 56. Rd7+ Kf6 57. Bxc6 Bc5 58. Bc3+ 1-0

[Event "ch-FRA Blitz Online Qual"]
[Site "Europe-Chess INT"]
[Date "2020.05.16"]
[Round "5"]
[White "Le Huec, Marc"]
[Black "Nasuta, Grzegorz"]
[Result "1/2-1/2"]
[BlackTitle "GM"]
[WhiteElo "2213"]
[BlackElo "2558"]
[WhiteFideId "624829"]
[BlackFideId "1141686"]
[EventDate "2020.05.16"]

1. d4 d5 2. c4 c6 3. Nf3 Nf6 4. Nc3 dxc4 5. a4 Bf5 6. Ne5 Nbd7 7. Nxc4 Nb6 8.
Ne5 a5 9. f3 Nfd7 10. Nxd7 Nxd7 11. e4 Bg6 12. Be3 Qb6 13. Qd2 e5 14. Bc4 exd4
15. Bxd4 Bc5 16. Bxc5 Qxc5 17. Ba2 O-O-O 18. O-O-O Qb4 19. h4 Nc5 20. Qc2 h5 21.
Rxd8+ Rxd8 22. Rd1 Rd4 23. Rd2 f5 24. exf5 Rxd2 25. Qxd2 Bxf5 26. Ne4 Nxe4 27.
Qxb4 axb4 28. fxe4 Bxe4 29. g3 Kd7 30. Kd2 Kd6 31. Ke3 Ke5 32. Bf7 g6 33. Be8 b6
34. Bf7 c5 35. b3 Bf5 36. Be8 Bc2 37. Bf7 Kf6 38. Bc4 Bf5 39. Bd5 Be6 40. Ke4
Bf5+ 41. Ke3 Ke5 42. Bf7 Bb1 43. Be8 Bf5 44. Bf7 1/2-1/2

[Event "ch-FRA Blitz Online Qual"]
[Site "Europe-Chess INT"]
[Date "2020.05.16"]
[Round "5"]
[White "Valles Moreno, Ivan"]
[Black "Degardin, Sylvain"]
[Result "0-1"]
[WhiteTitle "IM"]
[WhiteElo "2417"]
[BlackElo "2267"]
[WhiteFideId "2205688"]
[BlackFideId "20623070"]
[EventDate "2020.05.16"]

1. Nf3 c5 2. c4 Nc6 3. d4 cxd4 4. Nxd4 Nf6 5. Nc3 e6 6. g3 Qb6 7. Ndb5 Ne5 8.
Bg2 Nxc4 9. Qa4 Ne5 10. Bf4 Nfg4 11. O-O Bc5 12. Ne4 a6 13. Nbc3 Be7 14. h3 Nxf2
15. Nxf2 Ng6 16. Qb3 Qxb3 17. axb3 Nxf4 18. gxf4 Rb8 19. e3 g5 20. f5 h5 21.
Nfe4 d5 22. f6 dxe4 23. fxe7 f5 24. Na4 Kxe7 25. Nb6 Bd7 26. Nxd7 Kxd7 27. Rfd1+
Ke7 28. Bf1 Rbc8 29. Bc4 Rhd8 30. Kf1 h4 31. Ke2 g4 32. hxg4 fxg4 33. Kf2 Rxd1
34. Rxd1 b5 35. Be2 Rc2 36. Kf1 g3 37. Re1 h3 38. Kg1 Rxb2 39. Bg4 h2+ 40. Kh1
a5 41. Be2 Rxb3 42. Kg2 Rxe3 0-1

[Event "ch-FRA Blitz Online Qual"]
[Site "Europe-Chess INT"]
[Date "2020.05.16"]
[Round "5"]
[White "Mamedov, Rauf"]
[Black "Kollar, Romain"]
[Result "1-0"]
[WhiteTitle "GM"]
[WhiteElo "2654"]
[BlackElo "2205"]
[WhiteFideId "13401653"]
[BlackFideId "36017981"]
[EventDate "2020.05.16"]

1. e4 c5 2. Nf3 d6 3. Nc3 Nc6 4. d4 cxd4 5. Nxd4 Nf6 6. Bg5 Qb6 7. Nb3 a5 8. a4
Be6 9. Bb5 h6 10. Bxf6 gxf6 11. Nd5 Qd8 12. Qh5 Rg8 13. Nd4 Rg5 14. Nxc6 bxc6
15. Bxc6+ Bd7 16. Bxd7+ Qxd7 17. Qe2 Rb8 18. O-O Qh3 19. f4 Qg4 20. Qxg4 Rxg4
21. b3 Bg7 22. Ne3 Rh4 23. Rad1 Rh5 24. f5 Kd7 25. g4 Rh3 26. Rd3 h5 27. gxh5
Rxh5 28. Nd5 Rbh8 29. Rf2 Bh6 30. Nb6+ Kc7 31. Nc4 Kd7 32. Nxa5 Bc1 33. Nc4 Rh4
34. e5 fxe5 35. Nxe5+ Ke8 36. Nf3 Rg4+ 37. Kf1 Ba3 38. Rd4 Rg7 39. f6 Rg6 40.
Rf4 e5 41. Rc4 Bc5 42. Nxe5 Bxf2 43. Rc8# 1-0

[Event "ch-FRA Blitz Online Qual"]
[Site "Europe-Chess INT"]
[Date "2020.05.16"]
[Round "5"]
[White "Bauer, Christian"]
[Black "Sobry, Sebastien"]
[Result "1-0"]
[WhiteTitle "GM"]
[WhiteElo "2623"]
[BlackElo "2034"]
[WhiteFideId "603767"]
[BlackFideId "622516"]
[EventDate "2020.05.16"]

1. e4 e5 2. Nf3 Nc6 3. Bc4 Be7 4. O-O Nf6 5. d3 O-O 6. Re1 d6 7. a4 Bg4 8. h3
Bxf3 9. Qxf3 Nd4 10. Qd1 a6 11. c3 Nc6 12. a5 d5 13. exd5 Nxd5 14. Qb3 Nf6 15.
Qxb7 Qd7 16. Qb3 Rfb8 17. Qc2 Qf5 18. Nd2 Nh5 19. Nf3 Nf4 20. Bxf4 exf4 21. b4
Bf6 22. Re4 Nxb4 23. Qd2 Nd5 24. Nd4 Bxd4 25. Rxd4 c6 26. Bxd5 cxd5 27. Rxf4 Qd7
28. Re1 Rb5 29. Rg4 g6 30. Qh6 Rxa5 31. Rh4 f5 32. Rd4 Qg7 33. Qg5 h6 34. Qg3
Rc5 35. Re6 g5 36. Qd6 1-0

[Event "ch-FRA Blitz Online Qual"]
[Site "Europe-Chess INT"]
[Date "2020.05.16"]
[Round "5"]
[White "Kuhn, Clement"]
[Black "Dourerassou, Jonathan"]
[Result "1/2-1/2"]
[WhiteTitle "CM"]
[BlackTitle "GM"]
[WhiteElo "2150"]
[BlackElo "2477"]
[WhiteFideId "36099775"]
[BlackFideId "628050"]
[EventDate "2020.05.16"]

1. e4 e6 2. d4 b6 3. Nc3 Bb7 4. Bd3 Bb4 5. Ne2 Nf6 6. O-O O-O 7. a3 Be7 8. e5
Nd5 9. Nxd5 Bxd5 10. Nf4 Bb7 11. Qh5 h6 12. Nh3 f5 13. exf6 Rxf6 14. Bg5 Nc6 15.
Bxf6 Bxf6 16. c3 Ne7 17. Nf4 Qe8 18. Qxe8+ Rxe8 19. Rae1 Rf8 20. Ng6 Nxg6 21.
Bxg6 Be7 22. Be4 Ba6 23. f3 Bxf1 24. Kxf1 Bd6 25. g3 g5 26. Kg2 Kg7 27. c4 Be7
28. d5 exd5 29. Bxd5 Bf6 30. b3 c6 31. Be4 Re8 32. Re2 d5 33. Bd3 Rxe2+ 34. Bxe2
d4 35. Bd3 Be7 36. a4 Bd6 37. Be4 c5 38. Kf2 Kf6 39. Bd3 h5 40. Kg2 h4 41. Kf2
Ke5 42. Kg2 hxg3 43. hxg3 Be7 44. Kf2 Kd6 45. f4 Ke6 46. Kf3 Kf6 47. Ke4 Ke6 48.
f5+ Kd6 49. g4 Bf6 50. Kf3 Ke5 51. Kg3 Be7 52. Kf3 Bd6 53. Kg3 Kf6+ 54. Kf3 Ke5
55. Kg3 Bc7 56. Kf3 1/2-1/2

[Event "ch-FRA Blitz Online Qual"]
[Site "Europe-Chess INT"]
[Date "2020.05.16"]
[Round "5"]
[White "Emmenecker, Pierre-Antoine"]
[Black "Terrieux, Kevin"]
[Result "0-1"]
[BlackTitle "IM"]
[WhiteElo "2172"]
[BlackElo "2448"]
[WhiteFideId "36031321"]
[BlackFideId "622591"]
[EventDate "2020.05.16"]

1. d4 d5 2. f3 c5 3. e3 Nc6 4. c3 g6 5. Bd3 Bg7 6. Ne2 e5 7. dxc5 Qh4+ 8. Ng3
Nf6 9. O-O a5 10. e4 d4 11. cxd4 Nxd4 12. Nc3 O-O 13. Be3 Nd7 14. Bf2 Qd8 15.
Na4 b6 16. cxb6 Nxb6 17. Nxb6 Qxb6 18. b3 Rd8 19. Qd2 Ba6 20. Bxa6 Qxa6 21. Qb2
h5 22. Rac1 h4 23. Bxd4 exd4 24. Ne2 h3 25. Qd2 hxg2 26. Kxg2 d3 27. Ng3 Rac8
28. Rxc8 Rxc8 29. Rc1 Rd8 30. Rc4 Qf6 31. Nf1 Kh7 32. f4 Bh6 33. Kf3 Qe6 34. Ng3
Qb6 35. e5 Qg1 36. Ne4 Qh1+ 37. Ke3 Qg1+ 38. Kf3 Qf1+ 39. Ke3 Bxf4# 0-1

[Event "ch-FRA Blitz Online Qual"]
[Site "Europe-Chess INT"]
[Date "2020.05.16"]
[Round "5"]
[White "Lauron, Wesley"]
[Black "Miralles, Gilles"]
[Result "0-1"]
[BlackTitle "GM"]
[WhiteElo "1878"]
[BlackElo "2418"]
[WhiteFideId "36012769"]
[BlackFideId "600059"]
[EventDate "2020.05.16"]

1. e4 c6 2. d4 d5 3. Nd2 dxe4 4. Nxe4 Nd7 5. Nf3 Ngf6 6. Ng3 g6 7. Bd3 Bg7 8. h3
O-O 9. Be3 Nd5 10. c4 Nxe3 11. fxe3 e5 12. O-O exd4 13. exd4 c5 14. Be4 cxd4 15.
Nxd4 Qb6 16. Ne2 Nc5 17. Bd5 Ne6 18. Bxe6 Bxe6 19. c5 Qxc5 20. Rc1 Qb6 21. Kh1
Rad8 22. Rf4 Qxb2 23. Rc2 Qb6 24. Qg1 Bd5 25. Qf2 Rfe8 26. h4 h5 27. Nc3 Bxd4
28. Rxd4 Bxg2+ 29. Qxg2 Qxd4 0-1